00566nam a2200169Ia 4500008004100000041001200041082001600053100002000069245005400089260003500143300000800178650001500186700001300201942000700214999001500221952016000236221030s9999 xx 000 0 und d aEnglish a105.23bSub aN. Subrahmanyam 0aText book of Opticscby N. Subrahmanyam, Brij Lal bS. Chand & CoaNew Delhic2003 a718 aBB Physics aBrij Lal cBK c1262d1262 pBB 42g125.00l0o105.23 Subr2025-05-17 00:00:00w2022-10-30yBK003Print4070aMIETLIBbMIETLIBcBL-Second, FL-1, CUP-101, SH-2, R-2d2003-06-1910HBB